| 000 | 01054cam a22003137a 4500 | ||
|---|---|---|---|
| 003 | CHAP | ||
| 005 | 20220329134932.0 | ||
| 008 | 971013s1959 r 00010 d | ||
| 010 | _a28340 | ||
| 011 | _a29312 | ||
| 035 | _a33423 | ||
| 040 | _cCHAP | ||
| 082 |
_a972.01 _bM3 |
||
| 100 | 0 | 0 |
_aMacías Villada, Mario. _969532 |
| 245 | 1 | 4 | _aLos calendarios indígenas americanos y las fechas históricas |
| 260 |
_aMéxico, D.F. : _bSociedad Mexicana de Antropología, _c1959 |
||
| 300 |
_a183 p. _b: ilus |
||
| 590 |
_aBATCH-UPD _b10 _c20130110 _lUCH01 _h0207 |
||
| 590 |
_aBATCH-UPD _b10 _c20130110 _lUCH01 _h2232 |
||
| 590 |
_aBATCH-UPD _b10 _c20130410 _lUCH01 _h1527 |
||
| 590 |
_aBATCH-UPD _b10 _c20130914 _lUCH01 _h0817 |
||
| 590 |
_aCONVERSION _b10 _c20130109 _lUCH01 _h1316 |
||
| 650 | 1 | 4 |
_aCalendario azteca. _917461 |
| 650 | 1 | 4 |
_aCalendario maya. _917462 |
| 901 | _aBK | ||
| 942 | _cLIBRO | ||
| 949 |
_a972.01 M3 _bBC _cLIBRO _d33724000151858 _eLIBRO _fc.2 _h25833 _i33423 _mD _si |
||
| 949 |
_a972.01 M3 _bBC _cLIBRO _d33724000151866 _eLIBRO _h25832 _i33423 _mD _si |
||
| 999 |
_c28340 _d28340 |
||